Customer focus the new imperative V.1 : customer services and satisfaction (Record no. 189191)

MARC details
000 -LEADER
fixed length control field 00483nam a2200157Ia 4500
005 - DATE AND TIME OF LATEST TRANSACTION
control field 20250417152142.0
008 - FIXED-LENGTH DATA ELEMENTS--GENERAL INFORMATION
fixed length control field 231217s9999 xx 000 0 und d
020 ## - INTERNATIONAL STANDARD BOOK NUMBER
International Standard Book Number 9788131403075
082 ## - DEWEY DECIMAL CLASSIFICATION NUMBER
Classification number 658.812 MUK.1;1 R
100 ## - MAIN ENTRY--PERSONAL NAME
Personal name Mukerjee, Kaushil ed.
245 #0 - TITLE STATEMENT
Title Customer focus the new imperative V.1 : customer services and satisfaction
260 ## - PUBLICATION, DISTRIBUTION, ETC. (IMPRINT)
Date of publication, distribution, etc. 2006
Name of publisher, distributor, etc. Icfai
Place of publication, distribution, etc. Hyderabad
300 ## - PHYSICAL DESCRIPTION
Extent x, 189
650 ## - SUBJECT ADDED ENTRY--TOPICAL TERM
Topical term or geographic name as entry element Customer,focus,imperative,V.1,customer,satisfaction
942 ## - ADDED ENTRY ELEMENTS (KOHA)
Koha item type Books
Holdings
Date last seen Total Checkouts Full call number Accession number Old discount Cost, replacement price Price effective from Category Public note Lost status Damaged status Department Withdrawn status bill no. bill date Permanent Location Current Location Shelving location Entry date Vendor Cost, normal purchase price Grants Currency symbol Conversion rate Discount Discount type
26/01/2024   658.812 MUK.1;1 R 66008   38.00 26/01/2024 Books 66008     Central Library   1993 25/02/2014 Central Library Central Library Central Library 27/09/2010 ICFAI Press 38.00 MBA RS 1   Rupees
26/01/2024   658.812 MUK.1;2 R1 66009   38.00 26/01/2024 Books 66009     F-Block Annex   1993 25/02/2014 Central Library Central Library F-Block Library Annex 27/09/2010 ICFAI Press 38.00 MBA RS 1   Rupees
26/01/2024   658.812 MUK.1;3 66959   38.00 26/01/2024 Books 66959     Central Library   1993 16/12/2014 Central Library Central Library Central Library 18/11/2010 ICFAI Press 38.00 MBA RS 1   Rupees
26/01/2024   658.812 MUK.1;4 66960   38.00 26/01/2024 Books 66960     Central Library   1993 05/01/2018 Central Library Central Library Central Library 18/11/2010 ICFAI Press 38.00 MBA RS 1   Rupees

© For any Suggestions or Query, please contact the library staff @ librarian@pes.edu or Phone: +9180 2672 1983/ 2108.